[Event "Oebro CXU Nytaar 2025"]
[Site "Copenhagen"]
[Date "2025.12.27"]
[Round "2.2"]
[White "Kistrup, Nicolai"]
[Black "Olsen, Michael Richard W"]
[Result "1-0"]
[WhiteElo "2365"]
[BlackElo "2115"]
[WhiteFideId "1444816"]
[BlackFideId "1440969"]
[EventDate "2025.12.27"]
[EventType "swiss"]
[EventRounds "7"]
[EventCountry "DEN"]
[SourceTitle "Live v. Obro Skakforening"]

1. e4 e6 2. d4 d5 3. Nc3 dxe4 4. Nxe4 Nf6 5. Nxf6+ gxf6 6. Be3 Nc6 7. Qd2 Qd5 8. Ne2 Bd7 9. Nf4 Qa5 10. Qxa5 Nxa5 11. Nh5 Be7 12. Bh6 f5 13. O-O-O O-O-O 14. Bg7 Rhg8 15. Bf6 Bxf6 16. Nxf6 Rg6 17. Nh5 Be8 18. Nf4 Rg4 19. g3 Bc6 20. d5 Bxd5 21. Nxd5 Rxd5 22. Rxd5 exd5 23. Bd3 Rg5 24. h4 Rh5 25. f3 f6 26. g4 fxg4 27. fxg4 Rh6 28. h5 Nc6 29. Bf5+ Kd8 30. Rd1 Ne7 31. Rf1 c6 32. Kd2 Kc7 33. Ke3 Kd6 34. Kf4 d4 35. Ke4 c5 36. c3 Nc6 37. Rd1 b5 38. a3 a5 39. Rd2 a4 40. Rd1 Na5 41. cxd4 Nc4 42. dxc5+ Kxc5 43. Rc1 Kd6 44. Rxc4 1-0

[Event "Oebro CXU Nytaar 2025"]
[Site "Copenhagen"]
[Date "2025.12.27"]
[Round "2.3"]
[White "Moe, Mogens"]
[Black "Aabling Thomsen, Jakob"]
[Result "1/2-1/2"]
[WhiteElo "2097"]
[BlackElo "2340"]
[WhiteFideId "1400550"]
[BlackFideId "1407589"]
[EventDate "2025.12.27"]
[EventType "swiss"]
[EventRounds "7"]
[EventCountry "DEN"]
[SourceTitle "Live v. Obro Skakforening"]

1. e4 e5 2. Nf3 d5 3. d4 dxe4 4. Nxe5 Bd6 5. Qh5 Qe7 6. Bg5 Nf6 7. Bxf6 Qxf6 8. Nc3 Bb4 9. Bc4 O-O 10. O-O Bxc3 11. bxc3 Nc6 12. f4 Bf5 13. Rae1 Rad8 14. Bb3 Ne7 15. g4 Be6 16. f5 Bxb3 17. axb3 Qb6 18. Rxe4 Nd5 19. g5 Nxc3 20. Rh4 h6 21. Nc4 Qc6 22. f6 Rfe8 23. Ne5 Rxe5 24. dxe5 Rd2 25. Qf3 Ne2+ 26. Kh1 Rd1 27. Qxc6 Rxf1+ 28. Kg2 Rg1+ 29. Kf2 bxc6 30. gxh6 gxf6 31. exf6 Rc1 32. Kxe2 Rxc2+ 33. Ke3 Kh7 34. Rg4 Rxh2 35. Rg7+ Kxh6 36. Rxf7 Kg6 37. Rxc7 1/2-1/2

[Event "Oebro CXU Nytaar 2025"]
[Site "Copenhagen"]
[Date "2025.12.27"]
[Round "2.4"]
[White "Ramsdal, Jens Albert"]
[Black "Skovgaard, Andreas"]
[Result "0-1"]
[WhiteElo "2317"]
[BlackElo "2098"]
[WhiteFideId "1429221"]
[BlackFideId "1450760"]
[EventDate "2025.12.27"]
[EventType "swiss"]
[EventRounds "7"]
[EventCountry "DEN"]
[SourceTitle "Live v. Obro Skakforening"]

1. Nf3 Nf6 2. e3 g6 3. d4 Bg7 4. c4 O-O 5. Be2 c5 6. dxc5 Na6 7. O-O Nxc5 8. b4 Nce4 9. Bb2 d5 10. Qb3 dxc4 11. Bxc4 Nd6 12. Rd1 Qe8 13. Nc3 Nxc4 14. Qxc4 Bg4 15. Qe2 Qc6 16. Rac1 Rac8 17. Nd5 Qe6 18. Bxf6 Bxf6 19. Rxc8 Rxc8 20. h3 Bxf3 21. Qxf3 Be5 22. a4 Bd6 23. a5 Rc2 24. b5 Ra2 25. Nc3 Rxa5 26. Qxb7 Qe5 27. Qc6 Ra3 28. Ne4 Ra1 29. Qc8+ Kg7 30. Nc3 Rxd1+ 31. Nxd1 Qxb5 32. Nc3 Qb3 33. g3 Be5 0-1

[Event "Oebro CXU Nytaar 2025"]
[Site "Copenhagen"]
[Date "2025.12.27"]
[Round "2.5"]
[White "Alzaga, Luis"]
[Black "Hansen, Soren Bech"]
[Result "0-1"]
[WhiteElo "1996"]
[BlackElo "2243"]
[WhiteFideId "1481606"]
[BlackFideId "1400681"]
[EventDate "2025.12.27"]
[EventType "swiss"]
[EventRounds "7"]
[EventCountry "DEN"]
[SourceTitle "Live v. Obro Skakforening"]

1. e4 c5 2. Nf3 Nc6 3. d4 cxd4 4. Nxd4 Qb6 5. Nb3 Nf6 6. Nc3 e6 7. Be3 Qc7 8. a3 a6 9. Be2 b5 10. f4 d6 11. O-O Be7 12. Qe1 O-O 13. Qg3 Re8 14. f5 exf5 15. exf5 Ne5 16. Bh6 Bf8 17. Bg5 Ned7 18. Bf3 Bb7 19. Bxb7 Qxb7 20. Kh1 Rac8 21. Rfe1 Ne4 22. Nxe4 Rxe4 23. f6 g6 24. c3 Rce8 25. Rxe4 Qxe4 26. Nd4 h6 27. Bd2 Nxf6 28. Rf1 Nh5 29. Qf2 Qb7 30. Qh4 Bg7 31. Qf2 Nf6 32. Qf4 Qd5 33. Re1 Rxe1+ 34. Bxe1 Ne4 35. Qe3 f5 36. h3 Kh7 37. Nf3 Qd1 38. Kh2 Qc2 39. Nd2 Be5+ 40. Kg1 Qxb2 41. Nxe4 fxe4 42. Qxe4 Qxa3 43. Qb7+ Bg7 44. Bg3 Qxc3 45. Bxd6 Qd4+ 0-1

[Event "Oebro CXU Nytaar 2025"]
[Site "Copenhagen"]
[Date "2025.12.27"]
[Round "2.6"]
[White "Falkesgaard, Jeppe Hald"]
[Black "Saravana, Vedant Kumar"]
[Result "1-0"]
[WhiteElo "2240"]
[BlackElo "2063"]
[WhiteFideId "1464981"]
[BlackFideId "45059730"]
[EventDate "2025.12.27"]
[EventType "swiss"]
[EventRounds "7"]
[EventCountry "DEN"]
[SourceTitle "Live v. Obro Skakforening"]

1. c4 Nf6 2. Nc3 d5 3. cxd5 Nxd5 4. Nf3 c5 5. g3 Nc6 6. Bg2 Nxc3 7. bxc3 e5 8. O-O Be7 9. d3 Be6 10. a4 O-O 11. a5 Bf6 12. Nd2 Bd5 13. Ne4 Be7 14. Qa4 f5 15. c4 Bxe4 16. dxe4 f4 17. a6 Nd4 18. axb7 Nxe2+ 19. Kh1 Rb8 20. Qxa7 Qd3 21. Bb2 Nd4 22. Bxd4 Qxd4 23. Qb6 Qxc4 24. Qc6 Rf6 25. Qd7 Rf7 26. Ra8 Bf8 27. Rxb8 Rxd7 28. Rxf8+ Kxf8 29. b8=Q+ Kf7 30. Qxe5 f3 31. Qf5+ Ke7 32. Qxf3 Qd4 33. Bh3 Rd6 34. Rb1 Rf6 35. Qg4 Rxf2 36. Qe6+ Kd8 37. Rb8+ Kc7 38. Qb6# 1-0

[Event "Oebro CXU Nytaar 2025"]
[Site "Copenhagen"]
[Date "2025.12.27"]
[Round "2.7"]
[White "Kirkebaekke, Mark"]
[Black "Jalving, August"]
[Result "0-1"]
[WhiteElo "1940"]
[BlackElo "2231"]
[BlackFideId "1471759"]
[EventDate "2025.12.27"]
[EventType "swiss"]
[EventRounds "7"]
[EventCountry "DEN"]
[SourceTitle "Live v. Obro Skakforening"]

1. e4 c5 2. Nf3 d6 3. d4 cxd4 4. Nxd4 Nf6 5. Nc3 a6 6. Be2 e5 7. Nf3 Be7 8. O-O O-O 9. h3 b5 10. a3 Bb7 11. Bd3 Nbd7 12. b4 Nb6 13. Nd2 d5 14. Qf3 dxe4 15. Ncxe4 Nxe4 16. Bxe4 Bxe4 17. Qxe4 f5 18. Qxe5 Bf6 19. Qe6+ Kh8 20. Rb1 Na4 21. Nf3 Qc8 22. Re1 Qxc2 23. Bg5 h6 24. Bxf6 Rxf6 25. Qe5 Qc3 26. Qd5 Nb6 27. Qb7 Qc8 28. Re7 Qxb7 29. Rxb7 Nc4 30. Rb3 Rd8 31. Nh4 g5 32. Nf3 Rfd6 33. a4 bxa4 34. Rc3 a3 35. Rc2 R6d7 0-1

[Event "Oebro CXU Nytaar 2025"]
[Site "Copenhagen"]
[Date "2025.12.27"]
[Round "2.8"]
[White "Porte, Henrik"]
[Black "Jarlskov, Daniel Tuk Hartso"]
[Result "1/2-1/2"]
[WhiteElo "2122"]
[BlackElo "2202"]
[WhiteFideId "1016326"]
[BlackFideId "1463896"]
[EventDate "2025.12.27"]
[EventType "swiss"]
[EventRounds "7"]
[EventCountry "DEN"]
[SourceTitle "Live v. Obro Skakforening"]

1. d4 d5 2. c4 e6 3. Nc3 c5 4. cxd5 exd5 5. Nf3 Nc6 6. g3 Nf6 7. Bg2 Be7 8. O-O O-O 9. Bg5 c4 10. Ne5 Be6 11. e3 h6 12. Bxf6 Bxf6 13. Nxc6 bxc6 14. b3 Qa5 15. Qc2 Rac8 16. bxc4 dxc4 17. Rac1 Be7 18. Qa4 Qxa4 19. Nxa4 Ba3 20. Rc2 Rfd8 21. Rd1 c5 22. d5 Bd7 23. Rxc4 Bb5 24. Re4 f5 25. Nc3 fxe4 26. Nxb5 Bb4 27. d6 Rb8 28. Nxa7 Rb6 29. d7 Rb7 30. Nc6 Rbxd7 31. Rxd7 Rxd7 32. Bxe4 Kf8 33. Nxb4 cxb4 34. Bc2 Rd2 35. Bb3 Ke7 36. Kg2 Kf6 37. Kf3 Ke5 38. h4 g5 39. hxg5 hxg5 40. e4 Kd4 41. Bd5 Rc2 42. Kg4 Rxf2 43. Kxg5 Ke5 44. Kg4 1/2-1/2

[Event "Oebro CXU Nytaar 2025"]
[Site "Copenhagen"]
[Date "2025.12.27"]
[Round "2.9"]
[White "Pedersen, Jan Nordenbaek"]
[Black "Paludan, Noah"]
[Result "1-0"]
[WhiteElo "2171"]
[BlackElo "1999"]
[BlackFideId "1474987"]
[EventDate "2025.12.27"]
[EventType "swiss"]
[EventRounds "7"]
[EventCountry "DEN"]
[SourceTitle "Live v. Obro Skakforening"]

1. e4 e5 2. Nf3 Nc6 3. Bb5 a6 4. Ba4 Nf6 5. d3 d6 6. c3 Bd7 7. O-O g6 8. Nbd2 Bg7 9. b4 O-O 10. Bb3 Nh5 11. Nc4 Qe8 12. Re1 Kh8 13. Ne3 Ne7 14. d4 exd4 15. cxd4 c5 16. bxc5 dxc5 17. Ba3 cxd4 18. Nd5 Nxd5 19. exd5 Qd8 20. Bxf8 Qxf8 21. Ne5 Be8 22. Qxd4 Qd6 23. Rad1 b5 24. Qe3 Nf6 25. Qg3 1-0

[Event "Oebro CXU Nytaar 2025"]
[Site "Copenhagen"]
[Date "2025.12.27"]
[Round "2.10"]
[White "Ramsdal, Mikkel"]
[Black "Nilssen, Ellen Fredericia"]
[Result "0-1"]
[WhiteElo "1935"]
[BlackElo "2142"]
[WhiteFideId "1438484"]
[BlackFideId "1441230"]
[EventDate "2025.12.27"]
[EventType "swiss"]
[EventRounds "7"]
[EventCountry "DEN"]
[SourceTitle "Live v. Obro Skakforening"]

1. d4 d5 2. c4 e6 3. Nf3 a6 4. cxd5 exd5 5. Nc3 Nf6 6. e3 Bd6 7. Bd3 c6 8. O-O O-O 9. Qc2 Nbd7 10. e4 dxe4 11. Nxe4 Nxe4 12. Bxe4 Nf6 13. Bd3 Re8 14. Bd2 h6 15. Rfe1 Be6 16. Rad1 Qc7 17. h3 Bd5 18. Nh4 Bh2+ 19. Kf1 Bf4 20. Nf5 Bxd2 21. Qxd2 Qh2 22. f3 Rxe1+ 23. Qxe1 Re8 24. Qd2 Bxa2 25. Kf2 Bb3 26. Re1 Rxe1 27. Qxe1 Qc7 28. Qb4 Be6 29. Ne7+ Kh8 30. Nf5 Bxf5 31. Qf8+ Kh7 32. Bxf5+ g6 33. Bd3 Qd7 34. Kf1 Qe8 35. Qd6 Nd5 36. Be4 Qe7 37. Qb8 Nf6 38. Qf4 Kg7 39. Qe3 Qd6 40. Bc2 Qe6 41. Be4 Qc4+ 42. Kg1 a5 43. Kh2 Qb4 44. b3 Qd6+ 45. Kh1 Nh5 46. Bd3 Qf4 47. Qe7 Ng3+ 48. Kg1 Qxd4+ 49. Kh2 Qxd3 50. Kxg3 Qxb3 51. Qe5+ Kh7 52. Qxa5 b5 53. Qc7 Qc4 54. h4 h5 55. Kh3 Qd5 56. Qf4 Qf5+ 0-1

[Event "Oebro CXU Nytaar 2025"]
[Site "Copenhagen"]
[Date "2025.12.27"]
[Round "2.11"]
[White "Petersen, Lasse Emil"]
[Black "Slavensky, Asbjorn Vesterkaer"]
[Result "1/2-1/2"]
[WhiteElo "1904"]
[BlackElo "2118"]
[WhiteFideId "1440659"]
[EventDate "2025.12.27"]
[EventType "swiss"]
[EventRounds "7"]
[EventCountry "DEN"]
[SourceTitle "Live v. Obro Skakforening"]

1. d4 Nf6 2. c4 e6 3. Nf3 c5 4. e3 d5 5. Nc3 Nc6 6. dxc5 Bxc5 7. cxd5 exd5 8. Be2 O-O 9. O-O Bf5 10. a3 Re8 11. b4 Bd6 12. Nb5 Bb8 13. Bb2 Be4 14. Nbd4 Qd6 15. g3 Qd7 16. Nxc6 bxc6 17. Bd3 Qf5 18. Nh4 Qe6 19. Bxf6 Qxf6 20. Bxe4 Rxe4 21. Ng2 a5 22. b5 Rc4 23. bxc6 Qxc6 24. Rc1 Bd6 25. Ra1 Be5 26. Ra2 Rc8 27. Rd2 Rc1 28. Qb3 Qa6 29. Rdd1 Rxd1 30. Rxd1 Qc4 31. Qb7 Rb8 32. Qd7 Bf6 33. Qa7 Qb3 34. Ne1 d4 35. exd4 Re8 36. Rc1 Qxa3 37. Qc5 Qa2 38. d5 Qd2 39. Nf3 Qb4 40. Qc6 Rd8 41. Rc4 Qb1+ 42. Kg2 Qd3 43. Rc5 a4 44. Qxa4 h6 45. Qb5 Qe4 46. Qc4 Qxc4 47. Rxc4 Rxd5 48. Rc8+ Kh7 49. Rc2 1/2-1/2

[Event "Oebro CXU Nytaar 2025"]
[Site "Copenhagen"]
[Date "2025.12.27"]
[Round "2.12"]
[White "Andersen, Claus Nis"]
[Black "Gregor, Bjarke"]
[Result "0-1"]
[WhiteElo "1825"]
[BlackElo "2056"]
[WhiteFideId "1415735"]
[BlackFideId "1423401"]
[EventDate "2025.12.27"]
[EventType "swiss"]
[EventRounds "7"]
[EventCountry "DEN"]
[SourceTitle "Live v. Obro Skakforening"]

1. d4 Nf6 2. c4 e6 3. Nf3 d5 4. Nc3 Bb4 5. Bg5 h6 6. Bh4 dxc4 7. e3 b5 8. Be2 Bb7 9. O-O a6 10. a4 c6 11. Ne4 Nbd7 12. Ne5 Nxe5 13. dxe5 Qxd1 14. Nxf6+ gxf6 15. Rfxd1 fxe5 16. Bf6 Rg8 17. Bxe5 Ke7 18. Bf4 c5 19. g3 Rg6 20. Rd6 Rf6 21. Rb6 Bd5 22. axb5 e5 23. Rxf6 Kxf6 24. Bxh6 Kg6 25. Rxa6+ Rxa6 26. bxa6 Kxh6 27. Bg4 c3 28. bxc3 Bxc3 29. Bc8 e4 30. Bb7 Bxb7 31. axb7 Be5 32. Kf1 Kg5 33. h3 Kf5 34. Ke2 Ke6 35. f4 exf3+ 36. Kxf3 Kd5 37. g4 c4 38. h4 c3 39. Ke2 Kc6 40. g5 Kxb7 41. h5 Kc6 42. g6 fxg6 43. hxg6 Kc5 44. Kd3 Bg7 45. Kc2 Kc4 46. Kc1 Kd3 47. Kd1 c2+ 48. Kc1 Kc3 0-1

[Event "Oebro CXU Nytaar 2025"]
[Site "Copenhagen"]
[Date "2025.12.27"]
[Round "2.13"]
[White "Hector, Jonny"]
[Black "Vinther, Christoffer"]
[Result "1-0"]
[WhiteElo "2418"]
[BlackElo "1747"]
[WhiteFideId "1700090"]
[BlackFideId "1449737"]
[EventDate "2025.12.27"]
[EventType "swiss"]
[EventRounds "7"]
[EventCountry "DEN"]
[SourceTitle "Live v. Obro Skakforening"]

1. e4 e5 2. Nf3 Nc6 3. d4 exd4 4. Nxd4 Bc5 5. Be3 Nxd4 6. Bxd4 Bxd4 7. Qxd4 Nf6 8. e5 Qe7 9. Be2 c5 10. exf6 Qd8 1-0

[Event "Oebro CXU Nytaar 2025"]
[Site "Copenhagen"]
[Date "2025.12.27"]
[Round "2.14"]
[White "Molvig, Henrik"]
[Black "Tandrup, Michael"]
[Result "0-1"]
[WhiteElo "2117"]
[BlackElo "1964"]
[WhiteFideId "1402625"]
[BlackFideId "1408356"]
[EventDate "2025.12.27"]
[EventType "swiss"]
[EventRounds "7"]
[EventCountry "DEN"]
[SourceTitle "Live v. Obro Skakforening"]

1. d4 Nf6 2. c4 e6 3. Nf3 Bb4+ 4. Bd2 Be7 5. Nc3 d5 6. Bg5 c6 7. e3 h6 8. Bh4 Ne4 9. Bxe7 Qxe7 10. Nxe4 dxe4 11. Nd2 f5 12. Qh5+ Qf7 13. Qxf7+ Kxf7 14. c5 Nd7 15. Nc4 Ke7 16. b4 Nf6 17. Ne5 Rd8 18. Rb1 a6 19. Be2 Bd7 20. O-O Be8 21. Rfc1 Nd5 22. Nc4 Rab8 23. f4 Bf7 24. Kf2 Be8 25. a4 g6 26. Rb3 Bd7 27. Ne5 Be8 28. b5 axb5 29. axb5 Nc7 30. bxc6 bxc6 31. Rcb1 Rxb3 32. Rxb3 Nb5 33. Nxc6+ Bxc6 34. Bxb5 Bd5 35. Ra3 Rb8 36. Ra5 Rb7 37. Ke1 g5 38. g3 gxf4 39. gxf4 Rc7 40. Kd2 Kf6 41. Kc3 Rg7 42. Bc4 Rg2 43. Bxd5 exd5 44. Ra6+ Ke7 45. Rxh6 Re2 46. Rh3 Kd7 47. Rg3 Rxh2 48. Rg6 Re2 49. Rd6+ Kc7 50. Rxd5 Rxe3+ 51. Kc4 Re1 52. Rxf5 Rc1+ 53. Kd5 e3 54. Re5 Rf1 55. Rxe3 Rxf4 56. Re7+ Kd8 57. Re4 0-1

[Event "Oebro CXU Nytaar 2025"]
[Site "Copenhagen"]
[Date "2025.12.27"]
[Round "2.15"]
[White "Rosenlund, Thorbjorn"]
[Black "Thuesen, Mogens Henrik"]
[Result "0-1"]
[WhiteElo "2062"]
[BlackElo "2113"]
[WhiteFideId "1400614"]
[EventDate "2025.12.27"]
[EventType "swiss"]
[EventRounds "7"]
[EventCountry "DEN"]
[SourceTitle "Live v. Obro Skakforening"]

1. Nf3 c5 2. c4 Nf6 3. g3 Nc6 4. Bg2 d5 5. O-O d4 6. d3 e5 7. b4 cxb4 8. a3 a5 9. axb4 Bxb4 10. Ba3 Ra6 11. Bxb4 Nxb4 12. Nxe5 O-O 13. Na3 Re8 14. Nf3 Rae6 15. Re1 Nc6 16. Nc2 Ng4 17. Qd2 Nge5 18. Nxe5 Rxe5 19. e3 dxe3 20. fxe3 h5 21. d4 h4 22. gxh4 Rh5 23. Qf2 Re6 24. d5 Rg6 25. dxc6 Bh3 26. cxb7 Rxg2+ 27. Qxg2 Bxg2 28. Red1 Qb8 29. Rab1 Bxb7 30. Rd7 Rxh4 0-1

[Event "Oebro CXU Nytaar 2025"]
[Site "Copenhagen"]
[Date "2025.12.27"]
[Round "2.16"]
[White "Sepstrup, Per"]
[Black "Hove, Svend Kjems"]
[Result "0-1"]
[WhiteElo "1806"]
[BlackElo "1837"]
[WhiteFideId "1474286"]
[BlackFideId "1408194"]
[EventDate "2025.12.27"]
[EventType "swiss"]
[EventRounds "7"]
[EventCountry "DEN"]
[SourceTitle "Live v. Obro Skakforening"]

1. e4 d5 2. exd5 Qxd5 3. Nc3 Qe6+ 4. Be2 Qg6 5. Bf3 Nc6 6. Nb5 Nb4 7. d3 Qb6 8. Nc3 Nf6 9. Be3 Qd6 10. Qd2 e5 11. h3 a6 12. Nge2 Be7 13. g4 O-O 14. g5 Ne8 15. O-O-O Be6 16. Kb1 c6 17. h4 Nd5 18. h5 Qd8 19. Rdg1 Nd6 20. Nxd5 cxd5 21. d4 Nc4 22. Qc1 e4 23. Bg4 Qb6 24. b3 Rac8 25. g6 Na3+ 26. Ka1 Rxc2 27. gxh7+ Kh8 28. Qf1 Rfc8 29. Qg2 Rxa2+ 30. Kxa2 Rc2+ 31. Ka1 Qxb3 0-1

[Event "Oebro CXU Nytaar 2025"]
[Site "Copenhagen"]
[Date "2025.12.27"]
[Round "2.17"]
[White "Fries Nielsen, Jens Ove"]
[Black "Maximova, Sofia"]
[Result "1-0"]
[WhiteElo "2273"]
[BlackElo "1753"]
[BlackFideId "1787209"]
[EventDate "2025.12.27"]
[EventType "swiss"]
[EventRounds "7"]
[EventCountry "DEN"]
[SourceTitle "Live v. Obro Skakforening"]

1. d4 d5 2. Nc3 e6 3. Bf4 Bd6 4. e3 Nf6 5. g4 Ne4 6. Nxe4 dxe4 7. Ne2 Bxf4 8. Nxf4 e5 9. dxe5 Qxd1+ 10. Rxd1 Bxg4 11. Be2 Bxe2 12. Kxe2 Na6 13. Rd4 Rd8 14. Rxe4 Nc5 15. Rc4 Ne6 16. Nxe6 fxe6 17. Rxc7 Rd7 18. Rxd7 Kxd7 19. Rd1+ Ke7 20. c4 Rc8 21. Rd4 Rc5 22. f4 Rc6 23. Kd3 Rc8 24. b4 a5 25. b5 b6 26. Rd6 Rb8 27. c5 bxc5 28. Kc4 Rc8 29. Ra6 1-0

[Event "Oebro CXU Nytaar 2025"]
[Site "Copenhagen"]
[Date "2025.12.27"]
[Round "2.18"]
[White "Rasmussen, Morten"]
[Black "Heimisson, Hilmir Freyr"]
[Result "0-1"]
[WhiteElo "1827"]
[BlackElo "2303"]
[WhiteFideId "1410865"]
[BlackFideId "2309998"]
[EventDate "2025.12.27"]
[EventType "swiss"]
[EventRounds "7"]
[EventCountry "DEN"]
[SourceTitle "Live v. Obro Skakforening"]

1. c4 e5 2. g3 h5 3. d4 exd4 4. Qxd4 Nc6 5. Qf4 Bd6 6. Qe3+ Be7 7. Nf3 Nh6 8. Bd2 d6 9. Bg2 Nf5 10. Qd3 Be6 11. e4 Nh6 12. Bc3 Bf6 13. h3 Qe7 14. Bxf6 Qxf6 15. Nc3 O-O-O 16. O-O-O Ne5 17. Nxe5 dxe5 18. Qe3 Bxc4 19. Qxa7 Qa6 20. Qxa6 Bxa6 21. Bf1 Bxf1 22. Rhxf1 f6 23. Rxd8+ Rxd8 24. Rd1 Rh8 25. Kd2 Nf7 26. h4 Nd6 27. Ke2 Nf7 28. f3 Nd8 29. Ke3 c6 30. Rd2 Kc7 31. Na4 Ne6 32. Nc3 Ra8 33. Rd1 b5 34. a3 g5 35. Rh1 Rh8 36. Rh2 Kb6 37. Rh1 Kc5 38. Kd3 Rd8+ 39. Ke3 Kc4 40. hxg5 Rd3+ 41. Kf2 Nxg5 42. Rxh5 Rxf3+ 43. Kg2 Rd3 44. Rh6 Rd2+ 45. Kf1 Rxb2 46. Ne2 Nxe4 0-1

[Event "Oebro CXU Nytaar 2025"]
[Site "Copenhagen"]
[Date "2025.12.27"]
[Round "2.19"]
[White "Skovvang, Morten Tuborg"]
[Black "Matthiesen, Martin"]
[Result "0-1"]
[WhiteElo "1792"]
[BlackElo "2289"]
[WhiteFideId "1474677"]
[BlackFideId "1404067"]
[EventDate "2025.12.27"]
[EventType "swiss"]
[EventRounds "7"]
[EventCountry "DEN"]
[SourceTitle "Live v. Obro Skakforening"]

1. e4 c6 2. d4 d5 3. exd5 cxd5 4. Bd3 Nc6 5. c3 Nf6 6. Nf3 Bg4 7. O-O Qc7 8. Re1 e6 9. Nbd2 Bd6 10. h3 Bh5 11. Qe2 O-O 12. g4 Bg6 13. Bxg6 hxg6 14. Ne5 Bxe5 15. dxe5 Nd7 16. Nf3 Nc5 17. Be3 Ne4 18. Bd4 f6 19. exf6 Nxd4 20. Nxd4 Rxf6 21. f3 Ng5 22. Kg2 Raf8 23. h4 Nxf3 24. Nxf3 Rxf3 25. Qxf3 Rxf3 26. Kxf3 Qh2 27. Re2 Qh3+ 28. Kf4 Qxh4 29. Rae1 Kf7 30. Rxe6 g5+ 31. Kf3 Qh3+ 32. Kf2 Qh2+ 33. Kf3 Qf4+ 34. Kg2 Qxg4+ 35. Kf2 Qxe6 36. Rxe6 Kxe6 0-1

[Event "Oebro CXU Nytaar 2025"]
[Site "Copenhagen"]
[Date "2025.12.27"]
[Round "2.20"]
[White "Snedker, Oliver Kaehne"]
[Black "Veiergang, Oscar Jacob"]
[Result "0-1"]
[WhiteElo "1944"]
[BlackElo "2208"]
[WhiteFideId "1470051"]
[EventDate "2025.12.27"]
[EventType "swiss"]
[EventRounds "7"]
[EventCountry "DEN"]
[SourceTitle "Live v. Obro Skakforening"]

1. e4 e5 2. Nf3 Nc6 3. Bc4 Nf6 4. d3 Bc5 5. c3 O-O 6. O-O d5 7. exd5 Nxd5 8. a4 a6 9. a5 b5 10. axb6 Nxb6 11. Qb3 Bf5 12. Rd1 Nxc4 13. Qxc4 Qd6 14. d4 Bb6 15. h3 Qg6 16. Be3 Bxh3 17. Ne1 exd4 18. Bxd4 Rfe8 19. g3 Bg4 20. Rc1 Qh6 21. Nd2 Nxd4 22. cxd4 Qxd2 23. Rd1 0-1

[Event "Oebro CXU Nytaar 2025"]
[Site "Copenhagen"]
[Date "2025.12.28"]
[Round "3.1"]
[White "Nielsen, Viktor Haarmark"]
[Black "Pedersen, Jan Nordenbaek"]
[Result "1-0"]
[WhiteElo "2368"]
[BlackElo "2171"]
[WhiteFideId "1444492"]
[EventDate "2025.12.27"]
[EventType "swiss"]
[EventRounds "7"]
[EventCountry "DEN"]
[SourceTitle "Live v. Obro Skakforening"]

1. d4 Nf6 2. c4 e6 3. g3 d5 4. Nf3 dxc4 5. Bg2 c5 6. O-O Nc6 7. Qa4 Bd7 8. Qxc4 b5 9. Qd3 c4 10. Qc2 Be7 11. Nc3 O-O 12. Ne5 Nb4 13. Qd1 Nbd5 14. e4 Nxc3 15. bxc3 Qa5 16. Qc2 Rac8 17. Bg5 Rfd8 18. Ng4 Nd5 19. exd5 Bxg5 20. Ne5 exd5 21. Nxd7 Rxd7 22. Bh3 Rcd8 23. Bxd7 Rxd7 24. Qf5 Qd8 25. Rab1 g6 26. Qc2 Qa5 27. a4 Qxa4 1-0

[Event "Oebro CXU Nytaar 2025"]
[Site "Copenhagen"]
[Date "2025.12.28"]
[Round "3.2"]
[White "Jalving, August"]
[Black "Kistrup, Nicolai"]
[Result "1/2-1/2"]
[WhiteElo "2231"]
[BlackElo "2365"]
[WhiteFideId "1471759"]
[BlackFideId "1444816"]
[EventDate "2025.12.27"]
[EventType "swiss"]
[EventRounds "7"]
[EventCountry "DEN"]
[SourceTitle "Live v. Obro Skakforening"]

1. e4 c6 2. d4 d5 3. exd5 cxd5 4. Bd3 Nc6 5. c3 Nf6 6. h3 e5 7. dxe5 Nxe5 8. Bb5+ Bd7 9. Bxd7+ Qxd7 10. Nf3 Nxf3+ 11. Qxf3 Qe6+ 12. Be3 Bc5 13. O-O Bxe3 14. Qxe3 Qxe3 15. fxe3 O-O 16. Nd2 Rfe8 17. Rae1 Re6 18. Rf4 Rb6 19. Nb3 Re8 20. Ra4 a6 21. Rd4 Kf8 22. Kf2 Ne4+ 23. Kg1 Rb5 24. Red1 Nf6 25. R1d3 Rc8 26. Rf4 Re8 27. c4 dxc4 28. Rxc4 Rd5 29. Rcd4 Rde5 30. Kf2 Ne4+ 31. Kg1 Nf6 32. Kf2 Ne4+ 33. Kg1 h5 34. Rd7 h4 35. Rxb7 Ng3 36. Nd2 Rc8 37. e4 Nxe4 38. Nxe4 Rxe4 39. Rbd7 Re2 40. Rd8+ Rxd8 41. Rxd8+ Ke7 42. Ra8 Rxb2 43. Rxa6 g5 44. a4 Ra2 45. a5 f6 46. Ra8 Ke6 1/2-1/2

[Event "Oebro CXU Nytaar 2025"]
[Site "Copenhagen"]
[Date "2025.12.28"]
[Round "3.3"]
[White "Hansen, Soren Bech"]
[Black "Falkesgaard, Jeppe Hald"]
[Result "1/2-1/2"]
[WhiteElo "2243"]
[BlackElo "2240"]
[WhiteFideId "1400681"]
[BlackFideId "1464981"]
[EventDate "2025.12.27"]
[EventType "swiss"]
[EventRounds "7"]
[EventCountry "DEN"]
[SourceTitle "Live v. Obro Skakforening"]

1. e4 c5 2. Nf3 Nc6 3. Bb5 Nf6 4. Nc3 Qc7 5. d3 Nd4 6. a4 a6 7. Bc4 d6 8. Nxd4 cxd4 9. Ne2 e5 10. O-O Be7 11. c3 dxc3 12. Nxc3 Be6 13. Bxe6 fxe6 14. Qb3 Qd7 15. f4 O-O 16. f5 d5 17. Kh1 exf5 18. Bg5 f4 19. Bxf6 Bxf6 20. Nxd5 Qf7 21. Rac1 Rac8 22. Rc3 Bg5 23. Qc2 Qe6 24. Qe2 Kh8 25. Qf3 Rxc3 26. bxc3 Qd7 27. Qd1 Be7 28. d4 Bd6 29. Rf3 b5 30. axb5 Qxb5 31. Qf1 Rc8 32. Qxb5 axb5 33. dxe5 Bxe5 34. Kg1 g5 35. h3 Rc4 36. Rd3 Rxe4 37. Kf2 Kg7 38. Kf3 Re1 39. Kg4 h6 40. h4 Re2 41. hxg5 Rxg2+ 42. Kf5 Rxg5+ 43. Ke4 Rg3 44. Nxf4 Rxd3 45. Nxd3 Bxc3 46. Nf4 b4 47. Nd5 Kg6 48. Nxb4 Bxb4 49. Kf3 Kg5 50. Kg2 Kg4 51. Kh2 h5 52. Kg2 h4 53. Kh2 h3 54. Kh1 Kg3 55. Kg1 Bc5+ 56. Kh1 Bd4 1/2-1/2